مكتبة جامعة عجلون الوطنية

فهرس بحث المكتبة

Normal view MARC view
  • Managing Strategic

Entry Topical Term

Number of records used in: 1

001 - CONTROL NUMBER

  • control field: 3111

003 - CONTROL NUMBER IDENTIFIER

  • control field: JO-AjAnu

005 - DATE AND TIME OF LATEST TRANSACTION

  • control field: 20230606070819.0

008 - FIXED-LENGTH DATA ELEMENTS

  • fixed length control field: 230606|| aca||aabn | a|a d

040 ## - CATALOGING SOURCE

  • Original cataloging agency: JO-AjAnu
  • Transcribing agency: JO-AjAnu

150 ## - HEADING--TOPICAL TERM

  • Topical term or geographic name entry element: Managing Strategic

670 ## - SOURCE DATA FOUND

  • Source citation: Work cat.: (JO-AjAnu)1630: Klammer,Thomas, author 3110, Managing Strategic and Capital Investment Decisions : Going Beyond the Numbers to Improve Decision Making